000 00445nam a22001697a 4500
005 20250317140952.0
008 250317b |||||||| |||| 00| 0 eng d
020 _a9781788115360
041 _aEng
082 _a658.8 HOF
100 _aHofacker, Charles F.
245 _aDigital Marketing
260 _aUK
_bEdward Elgar Publishing Ltd
_c2018
300 _a203;. P. 23 cm
650 _aMarketing Management; Digital Marketing
942 _cBK
999 _c43339
_d43339